Simply The Brain / (Record no. 126928)
[ view plain ]
| 000 -LEADER | |
|---|---|
| campo de control de longitud fija | 02291nam a22003497a 4500 |
| 003 - IDENTIFICADOR DE NÚMERO DE CONTROL | |
| campo de control | BJBSDDR |
| 005 - FECHA Y HORA DE LA ÚLTIMA TRANSACCIÓN | |
| campo de control | 20260429123258.0 |
| 007 - CAMPO FIJO DE DESCRIPCIÓN FÍSICA--INFORMACIÓN GENERAL | |
| campo de control de longitud fija | ta |
| 008 - DATOS DE LONGITUD FIJA--INFORMACIÓN GENERAL | |
| campo de control de longitud fija | 260424s2022 nyu||||| |||| 00| 0 eng d |
| 020 ## - NÚMERO INTERNACIONAL ESTÁNDAR DEL LIBRO | |
| Número Internacional Estándar del Libro | 9780744060119 (hardcover) |
| 020 ## - NÚMERO INTERNACIONAL ESTÁNDAR DEL LIBRO | |
| Número Internacional Estándar del Libro | 0744060117 (hardcover) |
| 040 ## - FUENTE DE CATALOGACIÓN | |
| Lengua de catalogación | eng |
| Centro/agencia transcriptor | DLC |
| 041 ## - CÓDIGO DE IDIOMA | |
| Código de lengua del texto/banda sonora o título independiente | eng |
| 050 14 - SIGNATURA TOPOGRÁFICA DE LA BIBLIOTECA DEL CONGRESO | |
| Número de clasificación | QP 376 |
| Número de ítem | S612 2022 |
| 245 00 - MENCIÓN DEL TÍTULO | |
| Título | Simply The Brain / |
| Mención de responsabilidad, etc. | contributors, Liam Drew, Alina Ivan, Susan Watt, Emma Yhnell. |
| 246 30 - FORMA VARIANTE DEL TITULO | |
| Título propio/Titulo breve | Brain |
| 250 ## - MENCION DE EDICION | |
| Mención de edición | First American edition |
| 260 ## - PUBLICACIÓN, DISTRIBUCIÓN, ETC. | |
| Lugar de publicación, distribución, etc. | New York, NY : |
| Nombre del editor, distribuidor, etc. | DK Publishing, |
| Fecha de publicación, distribución, etc. | 2022 |
| 300 ## - DESCRIPCIÓN FÍSICA | |
| Extensión | 160 pages : |
| Otras características físicas | color illustrations ; |
| Dimensiones | 22 cm |
| 490 1# - MENCIÓN DE SERIE | |
| Mención de serie | Simply |
| 500 ## - NOTA GENERAL | |
| Nota general | Includes index |
| 505 0# - NOTA DE CONTENIDO CON FORMATO | |
| Nota de contenido con formato | The human brain<br/>The sensational world<br/>Moods and emotions<br/>Individuality<br/>Memory and learning<br/>Communication<br/>The brain and action<br/>The social brain<br/>Neurodiversity<br/>The rational brain<br/>The conscious brain |
| 520 ## - RESUMEN, ETC. | |
| Sumario, etc. | The clearest, simplest guide to understanding the human brain. The human brain is a most remarkable organ, but how well do we really understand the way it works? Discover more about what goes on in your head with this guide to the brain and the mind, based on the latest neuroscience research. What is a brain and what is the mind? Do you only use 10% of your brain? Why do some people hear colour? Simply The Brain explores everything that goes on in the brain when you think, feel, and perceive the world around you. If you simply want a jargon-free reference to the mind and the brain, this essential guide is packed with everything you need to understand the basics quickly and easily. Covering more than 90 key ideas from neurons and nerves to forming memories and brain implants, each pared-back entry explains the concept more clearly than ever before. Combining bold, elegant graphics with easy-to-understand text, Simply The Brain is the perfect introduction to the subject for those who are short of time but hungry for knowledge |
| 650 #4 - PUNTO DE ACCESO ADICIONAL DE MATERIA--TÉRMINO DE MATERIA | |
| Término de materia o nombre geográfico como elemento de entrada | Cerebro |
| 9 (RLIN) | 2723 |
| Subdivisión de forma | Trabajos populares |
| 700 1# - ENTRADA AGREGADA--NOMBRE PERSONAL | |
| Nombre de persona | Drew, Liam |
| 9 (RLIN) | 48139 |
| Término indicativo de función/relación | contributor |
| 700 1# - ENTRADA AGREGADA--NOMBRE PERSONAL | |
| Nombre de persona | Ivan, Alina |
| 9 (RLIN) | 48140 |
| Término indicativo de función/relación | contributor |
| 700 1# - ENTRADA AGREGADA--NOMBRE PERSONAL | |
| Nombre de persona | Watt, Susan, |
| Fechas asociadas al nombre | 1958 - |
| 9 (RLIN) | 43936 |
| Término indicativo de función/relación | contributor |
| 700 1# - ENTRADA AGREGADA--NOMBRE PERSONAL | |
| Nombre de persona | Yhnell, Emma |
| 9 (RLIN) | 48143 |
| Término indicativo de función/relación | contributor |
| 830 #0 - PUNTO DE ACCESO ADICIONAL DE SERIE-TÍTULO UNIFORME | |
| Título uniforme | Simply (DK Publishing, Inc.) |
| 9 (RLIN) | 44649 |
| 942 ## - ELEMENTOS DE ENTRADA SECUNDARIOS (KOHA) | |
| Fuente del sistema de clasificación o colocación | Clasificación de Library of Congress |
| Tipo de ítem Koha | Libro |
| 946 ## - PROCESAMIENTO DE INFORMACIÓN LOCAL (OCLC) | |
| Iniciales del agente catalogador | cmc |
| Estatus retirado | Estado de pérdida | Fuente del sistema de clasificación o colocación | Estado de daño | No para préstamo | Colección | Biblioteca de origen | Biblioteca actual | Ubicación en estantería | Fecha de adquisición | Signatura topográfica completa | Código de barras | Visto por última vez | Copia número | Tipo de ítem Koha |
|---|---|---|---|---|---|---|---|---|---|---|---|---|---|---|
| Clasificación de Library of Congress | Humanidades | Biblioteca Juan Bosch | Biblioteca Juan Bosch | Humanidades (4to. Piso) | 24/04/2026 | QP 376 S612 2022 | 00000199718 | 24/04/2026 | 1 | Libro |
